R v Department of the Environment for Northern Ireland ex p (1) Bow Street Mall Limited, (2) Lisburn Chamber of Commerce (3) Multi-Development UK Limited, (4) Central Craigavon Limited (5) Belfast City Council (6) Belfast Chamber of Trade and Commerce (Record no. 77536)
[ view plain ]
| 000 -LEADER | |
|---|---|
| fixed length control field | 02038cab a2200229 4500 |
| 001 - CONTROL NUMBER | |
| control field | ##L13448 |
| 008 - FIXED-LENGTH DATA ELEMENTS--GENERAL INFORMATION | |
| fixed length control field | 060809n2006 000 0 eng u |
| 035 ## - SYSTEM CONTROL NUMBER | |
| System control number | (Sirsi) u134481 |
| 041 0# - LANGUAGE CODE | |
| Language code of text/sound track or separate title | eng |
| 245 00 - TITLE STATEMENT | |
| Title | R v Department of the Environment for Northern Ireland ex p (1) Bow Street Mall Limited, (2) Lisburn Chamber of Commerce (3) Multi-Development UK Limited, (4) Central Craigavon Limited (5) Belfast City Council (6) Belfast Chamber of Trade and Commerce |
| 260 ## - PUBLICATION, DISTRIBUTION, ETC. | |
| Date of publication, distribution, etc. | 2006 |
| 520 ## - SUMMARY, ETC. | |
| Summary, etc. | [2006] NIQB 28, 10 May 2006. Concerns four separate applications for judicial review challenging various decisions of the Department of the Environment for Northern Ireland leading to the granting of outline planning permission to Sprucefield Centre Limited for a substantial store and retail development. "Held": the Ministerial Art 31 notice of opinion must be quashed. The functions of the court in the judicial review application in such as the instant case are strictly limited. It is limited to reviewing the decision-making process, its procedural propriety, legality and rationality and cannot concern itself in any way with the actual merits of the Department's planning decisions. The Department is bound to arrive at a fresh decision on the extant planning application which following the quashing of the impugned decisions falls to be reconsidered. |
| 650 24 - SUBJECT ADDED ENTRY--TOPICAL TERM | |
| Topical term or geographic name entry element | PLANNING (ENVIRONMENTAL IMPACT ASSESSMENT) REGULATIONS (NORTHERN IRELAND) 1999 REG 15 |
| 650 24 - SUBJECT ADDED ENTRY--TOPICAL TERM | |
| Topical term or geographic name entry element | R V DEPARTMENT OF THE ENVIRONMENT FOR NORTHERN IRELAND EX P BOW STREET MALL LTD AND FIVE OTHERS |
| 650 24 - SUBJECT ADDED ENTRY--TOPICAL TERM | |
| Topical term or geographic name entry element | ROADS (NORTHERN IRELAND) ORDER 1993 ART 122 |
| 650 24 - SUBJECT ADDED ENTRY--TOPICAL TERM | |
| Topical term or geographic name entry element | PLANNING (NORTHERN IRELAND) ORDER 1991 ART 35 |
| 650 24 - SUBJECT ADDED ENTRY--TOPICAL TERM | |
| Topical term or geographic name entry element | PLANNING (NORTHERN IRELAND) ORDER 1991 ART 31 |
| 651 #4 - SUBJECT ADDED ENTRY--GEOGRAPHIC NAME | |
| Geographic name | NORTHERN IRELAND |
| 690 ## - LOCAL SUBJECT ADDED ENTRY--TOPICAL TERM (OCLC, RLIN) | |
| Topical term or geographic name as entry element | ENVIRONMENTAL AND LAND CONSULTANCY-PLANNING AND DEVELOPMENT-DEVELOPMENT CONTROL-PLANNING APPLICATIONS |
| 856 40 - ELECTRONIC LOCATION AND ACCESS | |
| Uniform Resource Identifier | <a href="https://www.bailii.org/nie/cases/NIHC/QB/2006/28.html">https://www.bailii.org/nie/cases/NIHC/QB/2006/28.html</a> |
| Public note | View the judgment free of charge at www.bailii.org.. |
| 942 ## - ADDED ENTRY ELEMENTS (KOHA) | |
| Suppress in OPAC | 0 |
| Withdrawn status | Lost status | Source of classification or shelving scheme | Damaged status | Not for loan | Home library | Current library | Shelving location | Date acquired | Total Checkouts | Full call number | Barcode | Date last seen | Copy number | Price effective from | Koha item type |
|---|---|---|---|---|---|---|---|---|---|---|---|---|---|---|---|
| Dewey Decimal Classification | Virtual | Virtual | Online | 09/08/2006 | ONLINE PUBLICATION | 134481-2001 | 06/08/2019 | 1 | 06/08/2019 | Law report |